[Event "XXXI Moglianoscacchi C"]
[Site "Mogliano Veneto ITA"]
[Date "2010.05.01"]
[Round "2"]
[White "Vuckovic, Dimitrije"]
[Black "Buso, Gianluca"]
[Result "1/2-1/2"]
[WhiteElo "1577"]
[BlackElo "1395"]
[PlyCount "78"]
[EventDate "2010.04.30"]

1. Nf3 Nf6 2. c4 c5 3. Nc3 d5 4. e3 e6 5. g3 Nc6 6. d4 a6 7. a4 Bd6 8. cxd5
exd5 9. Bg2 Bg4 10. O-O O-O 11. dxc5 Bxc5 12. h3 Be6 13. Nd4 Nxd4 14. exd4 Bb6
15. Bg5 h6 16. Bf4 Qd7 17. Kh2 Rfe8 18. a5 Ba7 19. b4 Rad8 20. Re1 Ne4 21. Nxe4
dxe4 22. Qe2 Bf5 23. Rad1 Be6 24. Bxe4 Bd5 25. f3 Kh8 26. Qd2 Bxe4 27. Rxe4
Rxe4 28. fxe4 Qxd4 29. Qxd4 Rxd4 30. Rxd4 Bxd4 31. Bd6 Kh7 32. Kg2 Kg6 33. Kf3
Kf6 34. Ke2 Ke6 35. Bf8 h5 36. Kd3 Be5 37. g4 hxg4 38. hxg4 g6 39. Bc5 Bd6
1/2-1/2

[Event "XXXI Moglianoscacchi C"]
[Site "Mogliano Veneto ITA"]
[Date "2010.05.01"]
[Round "2"]
[White "Zamprogno, Giacomo"]
[Black "Ferlini, Claudio"]
[Result "1-0"]
[WhiteElo "1491"]
[BlackElo "1380"]
[PlyCount "117"]
[EventDate "2010.04.30"]

1. e4 e6 2. d4 d5 3. Nd2 dxe4 4. Nxe4 Be7 5. Nf3 h6 6. Bf4 Nd7 7. Qd2 Ngf6 8.
Nc3 c6 9. a3 Qb6 10. Rb1 a6 11. Bd3 Qd8 12. O-O b5 13. Ne5 Bb7 14. Qe3 Nxe5 15.
Bxe5 Ng4 16. Qg3 Nxe5 17. dxe5 Bf8 18. Rfd1 Qe7 19. Ne4 O-O-O 20. Nd6+ Kb8 21.
Be2 Rg8 22. f4 Ba8 23. a4 Qa7+ 24. Kf1 Bxd6 25. Rxd6 Qc5 26. Rxd8+ Rxd8 27. Bd3
g6 28. Qh4 Qf8 29. Qf2 Kc7 30. Qa7+ Bb7 31. a5 Qb4 32. Qb6+ Kc8 33. g3 Rd5 34.
b3 Qd2 35. Be4 Rd7 36. Bxc6 Bxc6 37. Qxc6+ Rc7 38. Qxa6+ Kd8 39. Qd6+ Qxd6 40.
exd6 Rd7 41. Rd1 Kc8 42. c4 b4 43. c5 Kb7 44. Ke2 Kc6 45. Rc1 Rb7 46. Rd1 Rd7
47. a6 Kxc5 48. a7 Rxa7 49. d7 Ra2+ 50. Kf1 Ra8 51. d8=Q Rxd8 52. Rxd8 Kc6 53.
Kf2 h5 54. Kf3 Kc5 55. Ke4 f6 56. h3 Kc6 57. g4 hxg4 58. hxg4 Kc5 59. f5 1-0

[Event "XXXI Moglianoscacchi C"]
[Site "Mogliano Veneto ITA"]
[Date "2010.05.01"]
[Round "3"]
[White "Aprile, Massimo"]
[Black "Vuckovic, Dimitrije"]
[Result "1/2-1/2"]
[WhiteElo "1476"]
[BlackElo "1577"]
[PlyCount "86"]
[EventDate "2010.04.30"]

1. Nf3 Nf6 2. d3 d5 3. g3 c5 4. Bg2 g6 5. O-O Bg7 6. Nbd2 O-O 7. Re1 Nc6 8. e4
Be6 9. Ng5 Bg4 10. Ngf3 Qc8 11. exd5 Nxd5 12. Nf1 Bh3 13. Ne3 Nxe3 14. Rxe3
Bxg2 15. Kxg2 Nd4 16. Nxd4 cxd4 17. Rxe7 Qc6+ 18. Kg1 Rfe8 19. Rxe8+ Rxe8 20.
Bf4 Qe6 21. Qf3 b6 22. Kf1 Qh3+ 23. Qg2 Qe6 24. Qf3 Qh3+ 25. Kg1 Qe6 26. Bd2
Qc8 27. Rc1 a5 28. b3 Qc5 29. Kg2 Qa3 30. Qc6 Re6 31. Qc8+ Bf8 32. Bh6 Qc5 33.
Qxf8+ Qxf8 34. Bxf8 Kxf8 35. Kf1 Ke7 36. Re1 Kd6 37. Rxe6+ fxe6 38. Ke2 Ke5 39.
f4+ Kf5 40. Kf3 h5 41. h4 b5 42. a3 e5 43. fxe5 Kxe5 1/2-1/2

[Event "XXXI Moglianoscacchi C"]
[Site "Mogliano Veneto ITA"]
[Date "2010.05.01"]
[Round "3"]
[White "Bergamasco, Tommaso"]
[Black "Paneghel, Silla"]
[Result "1-0"]
[WhiteElo "1374"]
[BlackElo "1392"]
[PlyCount "115"]
[EventDate "2010.04.30"]

1. e4 c5 2. Nf3 Nc6 3. d4 cxd4 4. Nxd4 Nf6 5. Nc3 d6 6. Bb5 Bd7 7. O-O e6 8.
Nxc6 bxc6 9. Ba4 Be7 10. Be3 O-O 11. f4 e5 12. Qd2 Qc7 13. f5 Ng4 14. Bg5 Bxg5
15. Qxg5 Nf6 16. Kh1 Qa5 17. Bb3 d5 18. Qd2 d4 19. Nb1 Qb6 20. Qd3 c5 21. Nd2
Bb5 22. Bc4 Bxc4 23. Nxc4 Qb5 24. b3 a5 25. Nxe5 Qxd3 26. cxd3 Rfe8 27. Nc4 a4
28. Nb6 Ra6 29. Nxa4 Rc6 30. h3 Nd7 31. Rac1 Rec8 32. Rc2 Ne5 33. Rd1 f6 34.
Kg1 Kf7 35. Kf2 g6 36. fxg6+ hxg6 37. Ke2 Ke6 38. Rdc1 Nd7 39. b4 Kd6 40. bxc5+
Nxc5 41. Nxc5 Rxc5 42. Rxc5 Rxc5 43. Rxc5 Kxc5 44. Kd2 Kb4 45. Kc2 Ka3 46. Kb1
Kb4 47. Kb2 g5 48. g4 Ka4 49. a3 Kb5 50. Kb3 Kc5 51. a4 Kb6 52. Kb4 Kc6 53. a5
Kb7 54. Kb5 Ka7 55. a6 Kb8 56. Kb6 Kc8 57. a7 Kd8 58. a8=Q+ 1-0

[Event "XXXI Moglianoscacchi C"]
[Site "Mogliano Veneto ITA"]
[Date "2010.05.01"]
[Round "3"]
[White "Bottazzi, Leonardo"]
[Black "Barp, Alberto"]
[Result "1/2-1/2"]
[WhiteElo "1436"]
[BlackElo "1491"]
[PlyCount "114"]
[EventDate "2010.04.30"]

1. d4 c6 2. c4 d5 3. Nc3 Bf5 4. Bf4 e6 5. Qb3 b6 6. Nf3 Bd6 7. Bg5 Nf6 8. g3
Nbd7 9. Bg2 O-O 10. Nh4 Bg4 11. e4 dxe4 12. Bxe4 Qc7 13. Bg2 h6 14. Be3 e5 15.
O-O Rac8 16. Qc2 exd4 17. Bxd4 c5 18. Be3 Ne5 19. Nb5 Qe7 20. Nxd6 Qxd6 21. h3
Be6 22. Rad1 Qc7 23. b3 Rcd8 24. Nf5 Bxf5 25. Qxf5 Ng6 26. Bxh6 Qe7 27. Be3
Rfe8 28. Rfe1 Qc7 29. Bg5 Rxd1 30. Rxd1 Qe7 31. Bxf6 Qxf6 32. Qxf6 gxf6 33. Rd7
Re7 34. Rxe7 Nxe7 35. Be4 Kg7 36. g4 Kh6 37. Kg2 Kg5 38. Kg3 Nc8 39. h4+ Kh6
40. Kf4 Nd6 41. Bd5 Kg6 42. g5 fxg5+ 43. hxg5 f6 44. gxf6 Kxf6 45. Bc6 Ke6 46.
Ke3 Ke5 47. f4+ Kf5 48. Kf3 Kf6 49. Kg4 Kg6 50. Bd7 a6 51. a4 a5 52. f5+ Kf6
53. Kf4 Ke7 54. Be6 Kf6 55. Bd7 Ke7 56. Bc6 Kf6 57. Be4 Ne8 1/2-1/2

[Event "XXXI Moglianoscacchi C"]
[Site "Mogliano Veneto ITA"]
[Date "2010.05.01"]
[Round "3"]
[White "Buso, Gianluca"]
[Black "Simonetto, Adriano"]
[Result "1/2-1/2"]
[WhiteElo "1395"]
[BlackElo "1542"]
[PlyCount "33"]
[EventDate "2010.04.30"]

1. e4 e5 2. Nf3 Nc6 3. d4 exd4 4. Bc4 Nf6 5. O-O d6 6. Nxd4 Nxd4 7. Qxd4 Be6 8.
Bxe6 fxe6 9. Nc3 Be7 10. Bg5 O-O 11. Rad1 Nd7 12. Bxe7 Qxe7 13. Nb5 Nb6 14.
Rfe1 e5 15. Qc3 Rf7 16. Qb3 Kh8 17. Nc3 1/2-1/2

[Event "XXXI Moglianoscacchi C"]
[Site "Mogliano Veneto ITA"]
[Date "2010.05.01"]
[Round "3"]
[White "Caoduro, Giacomo"]
[Black "Stradiotto, Angelo"]
[Result "1/2-1/2"]
[WhiteElo "1452"]
[BlackElo "1461"]
[PlyCount "105"]
[EventDate "2010.04.30"]

1. d4 Nf6 2. c4 g6 3. Nc3 d5 4. Bf4 Bg7 5. e3 Bf5 6. Bd3 Bxd3 7. Qxd3 c6 8. Nf3
O-O 9. O-O Nbd7 10. Rfe1 Nh5 11. Bg3 Nxg3 12. hxg3 e6 13. Nd2 c5 14. cxd5 exd5
15. Nxd5 cxd4 16. exd4 Qg5 17. Ne3 Rfd8 18. Nf3 Qa5 19. Qc3 Qb5 20. a4 Qb6 21.
b4 Rac8 22. Qd2 Ne5 23. Nxe5 Bxe5 24. Nc2 Bxd4 25. Nxd4 Rxd4 26. Qb2 Rxb4 27.
Qe5 Rb2 28. Qf4 Rd8 29. Re4 Rd5 30. Rf1 Rf5 31. Qh6 Qc6 32. Rfe1 Rb1 33. Rxb1
Qxe4 34. Rc1 Qe6 35. Rd1 Rd5 36. Rxd5 Qxd5 37. Qf4 a6 38. Kh2 b5 39. axb5 axb5
40. Qb4 Qc4 41. Qe7 Kg7 42. Qe5+ f6 43. Qe7+ Qf7 44. Qc5 Qb7 45. Qb4 f5 46. Kh3
Kf7 47. Qb3+ Ke7 48. Qb4+ Kd7 49. Qd4+ Kc7 50. Qc5+ Kb8 51. Qd6+ Ka7 52. Qa3+
Kb6 53. Qe3+ 1/2-1/2

[Event "XXXI Moglianoscacchi C"]
[Site "Mogliano Veneto ITA"]
[Date "2010.05.01"]
[Round "3"]
[White "Ferlini, Claudio"]
[Black "Pomponio, Stefano"]
[Result "0-1"]
[WhiteElo "1380"]
[BlackElo "1569"]
[PlyCount "142"]
[EventDate "2010.04.30"]

1. d4 Nf6 2. c4 e6 3. e3 d5 4. Bd3 Nc6 5. Ne2 Bd7 6. O-O dxc4 7. Bxc4 Bd6 8.
Ng3 Bxg3 9. fxg3 Na5 10. Bd3 O-O 11. Qe2 Re8 12. Bd2 Nc6 13. Bc3 g6 14. Nd2 Nd5
15. Ne4 f5 16. Qf2 fxe4 17. Qf7+ Kh8 18. Bxe4 Rf8 19. Qxf8+ Qxf8 20. Rxf8+ Rxf8
21. Bd2 Kg7 22. a3 Nf6 23. Bf3 b6 24. h3 Re8 25. Re1 a5 26. g4 h6 27. g5 hxg5
28. Bc3 Nd5 29. Bd2 Nf6 30. Rc1 Nd5 31. Rc4 Nde7 32. Bc3 Kh6 33. Bd2 Rc8 34.
Kh2 Nd8 35. e4 c5 36. d5 exd5 37. exd5 Bb5 38. Rh4+ Kg7 39. Bxg5 Nf5 40. Re4
Nf7 41. Bd2 Kf8 42. g4 Nd4 43. Bg2 Bc4 44. Rf4 Rd8 45. Rf6 Rd6 46. Rxd6 Nxd6
47. Bf4 Ke7 48. Bg5+ Kd7 49. Bf4 b5 50. h4 Ne2 51. Bd2 a4 52. Bf3 Bd3 53. Be3
c4 54. Bd2 Nf7 55. Kh3 Ng1+ 56. Kg2 Nxf3 57. Kxf3 Kd6 58. Kf4 Kxd5 59. Bc3 Nd6
60. Ke3 Ne4 61. Bb4 Nf6 62. Kf3 Be4+ 63. Kf4 Nd7 64. Bc3 Nc5 65. h5 gxh5 66.
gxh5 Nd3+ 67. Kg5 Kc5 68. h6 b4 69. axb4+ Nxb4 70. Kf4 Bc2 71. Bf6 Nd5+ 0-1

[Event "XXXI Moglianoscacchi C"]
[Site "Mogliano Veneto ITA"]
[Date "2010.05.01"]
[Round "3"]
[White "Giacomelli, Enzo"]
[Black "Bressan, Andrea"]
[Result "1/2-1/2"]
[WhiteElo "1500"]
[BlackElo "1476"]
[PlyCount "120"]
[EventDate "2010.04.30"]

1. e4 d6 2. d4 Nf6 3. Nc3 g6 4. Nf3 Bg7 5. h3 O-O 6. Bd3 Nc6 7. a3 e5 8. d5 Ne7
9. O-O Nh5 10. Re1 f5 11. exf5 gxf5 12. Nxe5 Nf6 13. Nf3 Nfxd5 14. Nxd5 Nxd5
15. Bc4 c6 16. Bxd5+ cxd5 17. Qxd5+ Kh8 18. c3 h6 19. Bf4 Re8 20. Rxe8+ Qxe8
21. Re1 Qc6 22. Qxd6 Qxd6 23. Bxd6 Bd7 24. Ne5 Ba4 25. f4 Kg8 26. Ng6 Bc2 27.
Be5 Bxe5 28. Nxe5 Rd8 29. Re2 Bd1 30. Rf2 b5 31. Nf3 a5 32. Nd4 Rd5 33. Kf1 b4
34. Ke1 Bh5 35. axb4 axb4 36. Rd2 bxc3 37. bxc3 Rc5 38. Rc2 Bf7 39. Kd2 Bc4 40.
g3 Kf7 41. Rc1 Kf6 42. Rb1 Kg6 43. Rb6+ Kh5 44. Rc6 Rxc6 45. Nxc6 Bf1 46. Ke3
Bxh3 47. Ne5 Bg2 48. c4 Bb7 49. c5 Bc8 50. Kd4 Be6 51. c6 Bc8 52. Ke3 Be6 53.
Kf2 Bc8 54. Nd7 Kg4 55. Nb6 Ba6 56. c7 h5 57. c8=Q Bxc8 58. Nxc8 h4 59. gxh4
Kxf4 60. Ne7 Kg4 1/2-1/2

[Event "XXXI Moglianoscacchi C"]
[Site "Mogliano Veneto ITA"]
[Date "2010.05.01"]
[Round "3"]
[White "Giancristofaro, Luca"]
[Black "Serradura, Gianluca"]
[Result "1-0"]
[WhiteElo "1536"]
[BlackElo "1358"]
[PlyCount "39"]
[EventDate "2010.04.30"]

1. e4 d6 2. d4 e5 3. dxe5 dxe5 4. Qxd8+ Kxd8 5. Nf3 f6 6. Bc4 Bc5 7. O-O c6 8.
Nc3 Bg4 9. Nh4 g5 10. Nf5 Nd7 11. h3 Bh5 12. g4 Bg6 13. Rd1 Kc7 14. Be3 Bxe3
15. fxe3 h5 16. Rd2 Rd8 17. Rad1 Nb6 18. Be2 hxg4 19. Bxg4 Nh6 20. Ng7 {...}
1-0

[Event "XXXI Moglianoscacchi C"]
[Site "Mogliano Veneto ITA"]
[Date "2010.05.01"]
[Round "3"]
[White "Gigovski, Gjore"]
[Black "Fochesato, Davide"]
[Result "1-0"]
[WhiteElo "1446"]
[BlackElo "1500"]
[PlyCount "103"]
[EventDate "2010.04.30"]

1. d4 f5 2. Bf4 Nf6 3. Nf3 e6 4. e3 Be7 5. Bd3 O-O 6. Nbd2 d5 7. c3 c5 8. O-O
Qe8 9. h3 Qh5 10. Ne5 Nbd7 11. Ndf3 Nxe5 12. Nxe5 Qxd1 13. Raxd1 Nd7 14. Rfe1
cxd4 15. exd4 a6 16. Re3 Nxe5 17. Bxe5 Bf6 18. Rg3 Bxe5 19. dxe5 Bd7 20. f4 b5
21. Be2 Rad8 22. b3 Bc8 23. h4 Kh8 24. h5 Rg8 25. Kf2 Bb7 26. Bf3 Rc8 27. Rc1
Ba8 28. Ke3 Rc7 29. Kd4 Rd8 30. Rh3 b4 31. Be2 a5 32. g4 bxc3 33. Rhxc3 Rxc3
34. Rxc3 g6 35. Rc7 Re8 36. h6 Kg8 37. gxf5 gxf5 38. Bb5 Rb8 39. a4 Bb7 40. Bd7
Ba6 41. Bxe6+ Kh8 42. Bxd5 Rf8 43. Ra7 Be2 44. Rxa5 Bd1 45. Rc5 Bh5 46. a5 Rd8
47. b4 Bg6 48. b5 Bf7 49. b6 Kg8 50. a6 Kf8 51. b7 Ke7 52. a7 1-0

[Event "XXXI Moglianoscacchi C"]
[Site "Mogliano Veneto ITA"]
[Date "2010.05.01"]
[Round "3"]
[White "Greco, Alvise"]
[Black "Ramundi, Claudia"]
[Result "1-0"]
[WhiteElo "1365"]
[BlackElo "1413"]
[PlyCount "105"]
[EventDate "2010.04.30"]

1. e4 e5 2. Nf3 Nc6 3. d4 exd4 4. Nxd4 Nf6 5. Nc3 Bc5 6. Nxc6 bxc6 7. Bg5 h6 8.
Bh4 O-O 9. Qf3 Be7 10. Bc4 d6 11. O-O Bg4 12. Qe3 Re8 13. Bxf6 Bxf6 14. Qf4 Be6
15. Bxe6 Rxe6 16. Rad1 Rb8 17. Na4 Bg5 18. Qf5 Rb4 19. Qa5 Rbxe4 20. Qxa7 Qe7
21. Qa5 Bf4 22. b3 Re2 23. Qc3 Qg5 24. g3 Be5 25. Qxc6 Rf6 26. Qxc7 Kh7 27. Rd5
Qh5 28. Qa7 Rxc2 29. Nb6 Qe2 30. Nd7 Rf5 31. Nxe5 Rxe5 32. Rxe5 Qxe5 33. Qa6 d5
34. Qd3+ g6 35. Qxc2 d4 36. Rd1 h5 37. Qd3 Qa5 38. Rd2 Qc5 39. Qxd4 Qc1+ 40.
Rd1 Qg5 41. a4 Kh6 42. Qd2 Qxd2 43. Rxd2 f5 44. a5 g5 45. a6 h4 46. a7 hxg3 47.
a8=Q gxh2+ 48. Kxh2 Kh5 49. Qf3+ g4 50. Qxf5+ Kh4 51. Qh7+ Kg5 52. Rd5+ Kf4 53.
Qf5# 1-0

[Event "XXXI Moglianoscacchi C"]
[Site "Mogliano Veneto ITA"]
[Date "2010.05.01"]
[Round "3"]
[White "Lorenzon, Luigi"]
[Black "Buranelli, Matteo"]
[Result "0-1"]
[WhiteElo "1440"]
[BlackElo "1497"]
[PlyCount "64"]
[EventDate "2010.04.30"]

1. d4 d5 2. c4 e5 3. dxe5 d4 4. Nf3 Nc6 5. e3 Bg4 6. Be2 Bb4+ 7. Nfd2 dxe3 8.
Bxg4 exd2+ 9. Bxd2 Bxd2+ 10. Nxd2 Nh6 11. e6 O-O 12. exf7+ Nxf7 13. O-O Nce5
14. Be6 Qf6 15. Bxf7+ Qxf7 16. b3 Rad8 17. Qe2 Qf4 18. Rad1 Rde8 19. Qe4 Qf6
20. Qxb7 Qg6 21. Qd5+ Kh8 22. Rde1 Rf5 23. Qb7 Ref8 24. f3 Nd3 25. Re3 Nf4 26.
g3 Nh3+ 27. Kg2 Ng5 28. h4 Nf7 29. Qe4 Nd6 30. Qe6 R5f6 31. Qg4 Qc2 32. Rf2 Nf5
0-1

[Event "XXXI Moglianoscacchi C"]
[Site "Mogliano Veneto ITA"]
[Date "2010.05.01"]
[Round "3"]
[White "Ramundi, Lorenzo"]
[Black "Zamprogno, Giacomo"]
[Result "1-0"]
[WhiteElo "1497"]
[BlackElo "1491"]
[PlyCount "79"]
[EventDate "2010.04.30"]

1. e4 c5 2. Nc3 e6 3. f4 g6 4. Nf3 d6 5. Bb5+ Bd7 6. Bxd7+ Nxd7 7. O-O Bg7 8.
d3 Ne7 9. Qe1 O-O 10. Ng5 h6 11. Nf3 a6 12. Be3 b5 13. a3 Qb8 14. b4 Rc8 15.
Rc1 cxb4 16. Ne2 bxa3 17. Qb4 a2 18. Bd4 Nc6 19. Qa3 b4 20. Qxa2 Nxd4 21. Nfxd4
Bxd4+ 22. Nxd4 Qb6 23. Kh1 Qxd4 24. Qa4 Nb6 25. Qa2 Rc3 26. Qa1 e5 27. fxe5
dxe5 28. Qa2 Ra7 29. Rf3 Ra3 30. Qb1 Na4 31. Rcf1 Qb2 32. Qe1 Rc3 33. Qh4 h5
34. Qd8+ Kg7 35. Qf6+ Kh7 36. Qd8 Kg7 37. Qf6+ Kh6 38. Qh8+ Kg5 39. Rg3+ Kh4
40. Qf6+ 1-0

[Event "XXXI Moglianoscacchi C"]
[Site "Mogliano Veneto ITA"]
[Date "2010.05.01"]
[Round "3"]
[White "Rossi, Aldo V."]
[Black "Ferrari, Paolo"]
[Result "1-0"]
[WhiteElo "1398"]
[BlackElo "1245"]
[PlyCount "119"]
[EventDate "2010.04.30"]

1. c4 d6 2. d4 g6 3. Nc3 Bg7 4. e4 Nc6 5. Nge2 Nf6 6. f3 O-O 7. Be3 a6 8. Ng3
Bd7 9. Be2 e6 10. O-O Ne7 11. Qd2 Re8 12. a3 e5 13. d5 c6 14. Bg5 Qb6+ 15. Kh1
h5 16. Rab1 c5 17. f4 Nh7 18. fxe5 Bxe5 19. Rf2 Bd4 20. Be3 h4 21. Nf1 Nf6 22.
Bxd4 cxd4 23. Rxf6 dxc3 24. Qxc3 Nc8 25. Nd2 Re5 26. Rbf1 Be8 27. b4 Qc7 28. c5
dxc5 29. bxc5 a5 30. Qe3 b6 31. cxb6 Qb7 32. Nc4 Re7 33. Nd6 Nxd6 34. Rxd6 Re5
35. Qf4 Qe7 36. b7 Rb8 37. Rb6 Rxe4 38. Qxb8 Rxe2 39. Qf4 g5 40. Qf3 Re3 41.
Qxe3 Qxe3 42. b8=Q Qe2 43. Rbf6 Kg7 44. R6f2 Qe4 45. Qb2+ Kh6 46. Re2 Qxd5 47.
Rxe8 f5 48. Rh8+ Kg6 49. Qb6+ Kg7 50. Qh6+ Kf7 51. Qh7+ Kf6 52. Rf8+ Ke5 53.
R8xf5+ Ke6 54. Rxd5 Kxd5 55. Qf5+ Kc4 56. Qc2+ Kb5 57. Rf5+ Kb6 58. Qc5+ Ka6
59. Rf6+ Kb7 60. Qe7+ 1-0

[Event "XXXI Moglianoscacchi C"]
[Site "Mogliano Veneto ITA"]
[Date "2010.05.01"]
[Round "3"]
[White "Sorrentino, Francesco"]
[Black "Caruso, Gaetano"]
[Result "1-0"]
[WhiteElo "1428"]
[BlackElo "1502"]
[PlyCount "89"]
[EventDate "2010.04.30"]

1. Nf3 Nf6 2. d4 d6 3. Bg5 Nbd7 4. h4 h6 5. Bf4 c6 6. c4 Nb6 7. Qc2 g6 8. e3
Nbd7 9. Nc3 Bg7 10. Bd3 Nf8 11. O-O Bg4 12. Nd2 Nh5 13. Bh2 Bf6 14. f3 Bd7 15.
g4 Ng7 16. Bg3 e6 17. Nde4 Be7 18. Bxd6 f5 19. gxf5 exf5 20. Bxe7 Qxe7 21. Nf2
Qxh4 22. Nh1 Qg5+ 23. Kf2 Qh4+ 24. Ke2 O-O-O 25. Nf2 Re8 26. Kd2 Qg5 27. f4 Qg3
28. Rae1 Nh5 29. d5 Ng7 30. Ncd1 Qh4 31. Rh1 Qe7 32. e4 Qb4+ 33. Kc1 Nh7 34.
Rxh6 Qxe1 35. Rxg6 Re7 36. d6 Rf7 37. e5 Nf8 38. Rxg7 Rxg7 39. Bxf5 Rh2 40.
Bxd7+ Rxd7 41. Qf5 Rh8 42. Ne4 Qe2 43. Nd2 b6 44. Nc3 Kb7 45. Nxe2 1-0

[Event "XXXI Moglianoscacchi C"]
[Site "Mogliano Veneto ITA"]
[Date "2010.05.01"]
[Round "3"]
[White "Stefanutti, Piero"]
[Black "Borghi, Bruno"]
[Result "0-1"]
[WhiteElo "1422"]
[BlackElo "1523"]
[PlyCount "122"]
[EventDate "2010.04.30"]

1. e4 e5 2. Nf3 Nc6 3. d4 exd4 4. Nxd4 Nf6 5. Nxc6 bxc6 6. e5 Nd5 7. c4 Bb4+ 8.
Bd2 Bxd2+ 9. Nxd2 Nf4 10. g3 Ng6 11. Nf3 Rb8 12. b3 Bb7 13. c5 O-O 14. Bg2 Re8
15. O-O Nxe5 16. Qd4 d6 17. Rad1 Nxf3+ 18. Bxf3 d5 19. b4 Ba6 20. Rfe1 Bc4 21.
a3 Qg5 22. Bg2 Qf5 23. Bf1 Bb3 24. Bd3 Qd7 25. Qh4 h6 26. Rb1 Rxe1+ 27. Rxe1
Re8 28. Rxe8+ Qxe8 29. Qh3 Bd1 30. Qf1 Bf3 31. Qh3 Qe1+ 32. Qf1 Qxf1+ 33. Kxf1
Kf8 34. Ke1 Ke7 35. Kd2 g6 36. Ke3 Bg4 37. f3 Bd7 38. f4 Kf6 39. Bc2 g5 40.
fxg5+ hxg5 41. Bd3 Ke5 42. Be2 g4 43. Bf1 Bf5 44. Be2 d4+ 45. Kd2 Be6 46. Ba6
f5 47. Bf1 Bd5 48. h3 gxh3 49. Bxh3 Bf3 50. Bf1 Be4 51. Be2 f4 52. gxf4+ Kxf4
53. Bd3 Bxd3 54. Kxd3 Ke5 55. Kd2 Ke4 56. Ke2 d3+ 57. Kd1 Kd4 58. Kd2 Kc4 59.
Kd1 Kb3 60. Kd2 Kxa3 61. Kxd3 Kxb4 0-1

[Event "XXXI Moglianoscacchi C"]
[Site "Mogliano Veneto ITA"]
[Date "2010.05.01"]
[Round "3"]
[White "Stringhetta, Elio"]
[Black "Marton, Massimiliano"]
[Result "1-0"]
[WhiteElo "1447"]
[BlackElo "1535"]
[PlyCount "125"]
[EventDate "2010.04.30"]

1. d4 d5 2. Bf4 Bg4 3. c3 e6 4. Nd2 Nf6 5. Ngf3 c5 6. e3 Qb6 7. Qb3 Nbd7 8. Bb5
Qa5 9. Ne5 c4 10. Bxd7+ Nxd7 11. Qxb7 Qd8 12. Nxd7 Be7 13. Ne5 Bf5 14. Qc6+ Kf8
15. O-O f6 16. Nd7+ Kf7 17. Nc5 Rc8 18. Qb7 e5 19. Bg3 Rc7 20. Qb5 Qa8 21. e4
Rb8 22. Qa4 dxe4 23. Qxc4+ Kg6 24. b4 Bxc5 25. dxc5 Rd8 26. Rad1 Rcd7 27. Qe2
Qd5 28. h3 Qxa2 29. Qc4 Qxc4 30. Nxc4 Rxd1 31. Nd6 Rxf1+ 32. Kxf1 a5 33. bxa5
Ra8 34. Nb7 Bd7 35. Ke2 Bc6 36. a6 Rxa6 37. Nd6 Ra5 38. Ke3 Rxc5 39. Nxe4 Bxe4
40. Kxe4 Rxc3 41. h4 Rc1 42. f4 Re1+ 43. Bxe1 exf4 44. Kxf4 h5 45. g3 Kf7 46.
Bd2 Ke6 47. Bc3 Kf7 48. Bd4 Ke6 49. Be3 Kf7 50. Kf5 g6+ 51. Kf4 Ke6 52. Ke4 Kd6
53. Bh6 Ke6 54. Kf3 Kf5 55. Bf8 g5 56. hxg5 Kxg5 57. Bd6 f5 58. Be7+ Kg6 59.
Kf4 Kf7 60. Bd8 Kg6 61. Bg5 Kf7 62. Kxf5 Kg7 63. Bf4 1-0

[Event "XXXI Moglianoscacchi C"]
[Site "Mogliano Veneto ITA"]
[Date "2010.05.01"]
[Round "3"]
[White "Testolin, Marco"]
[Black "De Col, Daniele"]
[Result "0-1"]
[WhiteElo "1386"]
[BlackElo "1466"]
[PlyCount "106"]
[EventDate "2010.04.30"]

1. e4 d5 2. exd5 Qxd5 3. Nc3 Qa5 4. Nf3 Nf6 5. Be2 Bf5 6. O-O e6 7. a3 c6 8.
Nh4 Nbd7 9. Nxf5 Qxf5 10. d3 O-O-O 11. Be3 Kb8 12. Qd2 h6 13. Ne4 Be7 14. Ng3
Qg6 15. c3 h5 16. d4 h4 17. Nh1 Nd5 18. Bf4+ Nxf4 19. Qxf4+ Kc8 20. Qg4 Qxg4
21. Bxg4 f5 22. Bf3 Nb6 23. Rfe1 Rh6 24. Be2 Nd5 25. Bc4 Nf4 26. g3 hxg3 27.
fxg3 Nh3+ 28. Kg2 Ng5 29. Nf2 Bd6 30. h4 Ne4 31. Nxe4 fxe4 32. Rxe4 Re8 33. Rg4
Bf8 34. Re1 Rf6 35. Rf1 Rxf1 36. Kxf1 e5 37. Re4 Bd6 38. dxe5 Bxe5 39. Kg2 Kd7
40. Kf3 Rf8+ 41. Kg4 Bd6 42. Be6+ Kc7 43. Bf5 Bxg3 44. Kxg3 Rxf5 45. Re7+ Kb6
46. Rxg7 Rf1 47. h5 Rg1+ 48. Kh4 Rxg7 49. h6 Rg1 50. Kh5 Kc7 51. h7 Kd7 52. Kh4
Rh1+ 53. Kg3 Rxh7 0-1

[Event "XXXI Moglianoscacchi C"]
[Site "Mogliano Veneto ITA"]
[Date "2010.05.01"]
[Round "3"]
[White "Vannini, Daniele"]
[Black "Licandro, Michele"]
[Result "0-1"]
[WhiteElo "1440"]
[BlackElo "1517"]
[PlyCount "64"]
[EventDate "2010.04.30"]

1. e4 d6 2. Nc3 Nd7 3. d3 e6 4. Nf3 Ne7 5. Be3 g6 6. Be2 Bg7 7. Qd2 h6 8. h3 b6
9. a3 Bb7 10. Nh2 a6 11. O-O g5 12. Rab1 e5 13. b4 Nf6 14. Ng4 Ng6 15. Nxf6+
Qxf6 16. Nd5 Bxd5 17. exd5 Nf4 18. Bxf4 exf4 19. Bh5 O-O 20. Bg4 Qd4 21. Rfe1
Rae8 22. c4 Rxe1+ 23. Rxe1 Be5 24. a4 f5 25. Bf3 Kg7 26. a5 Kg6 27. Qd1 Qc3 28.
axb6 cxb6 29. Qa4 Qxe1+ 30. Kh2 Qxf2 31. Qxa6 Bd4 32. Qb7 Qg1# 0-1

[Event "XXXI Moglianoscacchi C"]
[Site "Mogliano Veneto ITA"]
[Date "2010.05.01"]
[Round "3"]
[White "Vomiero, Luciano"]
[Black "Minei, Giovanni"]
[Result "1/2-1/2"]
[WhiteElo "1464"]
[BlackElo "1583"]
[PlyCount "109"]
[EventDate "2010.04.30"]

1. e4 c6 2. d3 d5 3. exd5 cxd5 4. Nf3 Bg4 5. Be2 Nc6 6. d4 Nf6 7. O-O e6 8. c3
h6 9. Nbd2 Bd6 10. h3 Bh5 11. Ne1 Bxe2 12. Qxe2 O-O 13. Ndf3 Qb6 14. Nd3 Rfe8
15. Bf4 Bxf4 16. Nxf4 Qc7 17. Nd3 Rac8 18. Nde5 a6 19. Nxc6 bxc6 20. Qxa6 c5
21. Qd3 cxd4 22. Nxd4 Ne4 23. Rfe1 Qf4 24. Qf3 Qg5 25. Qe3 Qf6 26. Qf3 Qh4 27.
Re2 f5 28. Kh2 Ng5 29. Qg3 Qxg3+ 30. Kxg3 Kf7 31. Kh2 Kf6 32. Rae1 e5 33. f4
Ne4 34. fxe5+ Rxe5 35. Rf1 g6 36. g4 Nd6 37. Rxe5 Kxe5 38. gxf5 gxf5 39. Re1+
Ne4 40. Re2 f4 41. Nf3+ Kf5 42. Rg2 Ng3 43. Nd4+ Ke4 44. Ne6 Rc6 45. Nxf4 Nf1+
46. Kg1 Ne3 47. Rg6 Rc8 48. Ng2 d4 49. Nxe3 dxe3 50. Kf1 Rf8+ 51. Ke1 Rf2 52.
Re6+ Kf3 53. Rf6+ Kg2 54. Rg6+ Kf3 55. Rf6+ 1/2-1/2

[Event "XXXI Moglianoscacchi C"]
[Site "Mogliano Veneto ITA"]
[Date "2010.05.02"]
[Round "4"]
[White "Barp, Alberto"]
[Black "Zamprogno, Giacomo"]
[Result "1/2-1/2"]
[WhiteElo "1491"]
[BlackElo "1491"]
[PlyCount "126"]
[EventDate "2010.04.30"]

1. d4 e6 2. c4 f5 3. Nc3 Nf6 4. Bf4 c6 5. Nf3 d5 6. c5 Nbd7 7. e3 Be7 8. Be2
O-O 9. h3 Qe8 10. O-O Ne4 11. Nd2 Bg5 12. Bh2 Rf7 13. Ndxe4 fxe4 14. b4 e5 15.
b5 exd4 16. exd4 e3 17. f4 Bh4 18. bxc6 Bf2+ 19. Kh1 bxc6 20. Bd3 Re7 21. Qe2
Nf6 22. Nd1 Kf7 23. Nxf2 exf2 24. Qxf2 Ne4 25. Bxe4 Rxe4 26. Rfe1 Rb8 27. Qd2
Ba6 28. Rxe4 Qxe4 29. Re1 Rb1 30. Rxb1 Qxb1+ 31. Bg1 Qg6 32. Qf2 Bb5 33. Qf3
Qe4 34. Qxe4 dxe4 35. g4 Ke6 36. Kg2 Kd5 37. Kg3 Ke6 38. f5+ Kf6 39. Kf4 Bd3
40. h4 h6 41. g5+ hxg5+ 42. hxg5+ Ke7 43. Ke5 Bc4 44. a3 Bd5 45. Be3 a5 46. Bf2
a4 47. Be3 Kd7 48. f6 gxf6+ 49. Kxf6 Ke8 50. g6 Kf8 51. Bh6+ Kg8 52. Ke7 e3 53.
Bxe3 Kg7 54. Kd6 Kxg6 55. Kc7 Kf5 56. Kb6 Ke4 57. Bg1 Kd3 58. Ka5 Bb3 59. d5
Bxd5 60. Kxa4 Kc4 61. Ka5 Kb3 62. a4 Ka3 63. Bf2 Bb3 1/2-1/2

[Event "XXXI Moglianoscacchi C"]
[Site "Mogliano Veneto ITA"]
[Date "2010.05.02"]
[Round "4"]
[White "Bellon, Antonio"]
[Black "Vomiero, Luciano"]
[Result "0-1"]
[WhiteElo "1467"]
[BlackElo "1464"]
[PlyCount "81"]
[EventDate "2010.04.30"]

1. e4 e5 2. Nf3 d6 3. Bc4 Be7 4. d4 Nc6 5. dxe5 dxe5 6. Qxd8+ Bxd8 7. Nc3 Nf6
8. Bg5 O-O 9. O-O-O Bg4 10. h3 Bxf3 11. gxf3 Nh5 12. h4 Bxg5+ 13. hxg5 g6 14.
Nd5 Rac8 15. Rh3 Kg7 16. Rdh1 Rh8 17. Be2 Nd4 18. Bd1 Nf4 19. Nxf4 exf4 20. c3
Ne6 21. Bb3 Nxg5 22. Rh4 Nxf3 23. Rxf4 Ne5 24. Kc2 Rcd8 25. Rd1 c6 26. Rd4 b5
27. a4 a6 28. Rh4 Nf3 29. Rxd8 Rxd8 30. Rf4 Ne5 31. Rh4 Nd3 32. axb5 axb5 33.
Bd5 Ne1+ 34. Kd1 Nf3 35. Rh3 Ng5 36. Rd3 cxd5 37. exd5 Ne4 38. Ke2 Nd6 39. Rd4
h5 40. Kf3 g5 41. Rd3 0-1